00357nam a22001457a 450000500170000001000130001702000110003003500130004103700230005408200120007710000140008924500430010326000400014630000250018620181017161512.0 aB-158688 c695.00 aB-158688 bA.P.H. publishing  a370.954 aRao, V.K. aManagement of education/ cby V.K. Rao aNew DelhibA.P.H. publishing c2005 a258 p.c22 c.m. (Hb)